000 00531nam a22002177i 4500
001 3503
003 OSt
005 20170126082319.0
007 tu
008 161220s1995 xxu||||| |||| 00| 0 d
024 7 _a3502
_2RID
040 _cOSt
084 _a11.431
_2z
100 1 _aRumpunen, Juha
245 0 0 _aEstonia: Policy and Criteria for EU-Membership
260 _aHelsinki :
_bResearch Institute of the Finnish Economy,
_c1995.
300 _a43 S. ;
_c30cm.
490 _aDiscussion Papers
_v534
651 _aEstonia
651 _aEU
942 _cB
999 _c3453
_d3453